00700nam a2200157Ia 4500008004100000082002300041100001400064245008600078260005400164365000600218630008600224730008600310942000900396999001900405952011800424100415s9999 xx 000 0 und d b18832a581.042(54) aTETALI P. aEndemic Plants of India: A Status report of Maharashtra State: FOR REFERENCE ONLY aSHIRWAL-SATARAc0bNAOROJI GODREJ CENTRE FOR PLAN b0 aEndemic Plants of India: A Status report of Maharashtra State: FOR REFERENCE ONLY aEndemic Plants of India: A Status report of Maharashtra State: FOR REFERENCE ONLY cBOOK c601729d601726 00104070aBNHSbBNHSd2000-09-18g0.00l0o581.042(54) 18832pBNHS-18832r2010-04-15 00:00:00w2010-04-15yBOOK